Education for illiterate adults (Record no. 535348)

MARC details
000 -LEADER
fixed length control field 00760nam a2200253Ia 4500
003 - CONTROL NUMBER IDENTIFIER
control field OSt
005 - DATE AND TIME OF LATEST TRANSACTION
control field 20220925200051.0
008 - FIXED-LENGTH DATA ELEMENTS--GENERAL INFORMATION
fixed length control field 220923b |||||||| |||| 00| 0 eng d
037 ## - SOURCE OF ACQUISITION
Terms of availability General Book
040 ## - CATALOGING SOURCE
Original cataloging agency RTL
Transcribing agency RTL
Language of cataloging eng
041 ## - LANGUAGE CODE
Source of code eng
Language code of text/sound track or separate title eng
100 ## - MAIN ENTRY--PERSONAL NAME
Personal name Quddus M A
9 (RLIN) 256551
245 #0 - TITLE STATEMENT
Title Education for illiterate adults
260 ## - PUBLICATION, DISTRIBUTION, ETC.
Place of publication, distribution, etc. Comilla
Name of publisher, distributor, etc. Pakistan Academy for Rural Development
Date of publication, distribution, etc. 1963
300 ## - PHYSICAL DESCRIPTION
Extent 74p.
Dimensions cm.
490 ## - SERIES STATEMENT
Series statement Pakistan academy for rural development (Comilla), monographs
500 ## - GENERAL NOTE
General note Bib p. 70-73
650 ## - SUBJECT ADDED ENTRY--TOPICAL TERM
Topical term or geographic name entry element Adult Education
9 (RLIN) 177582
942 ## - ADDED ENTRY ELEMENTS (KOHA)
Classification part T3.44Q7214.N6, K3
Koha item type General Books
Source of classification or shelving scheme Colon Classification (CC)

No items available.

Copyright @ Delhi University Library System